La verdad jurídica objetiva
Furkejuvvon:
| Váldodahkki: | |
|---|---|
| Materiálatiipa: | Girji |
| Giella: | espánnjágiella |
| Almmustuhtton: |
Buenos Aires
Ediciones Depalma
1990
|
| Preanttus: | 1a. ed |
| Fáttát: | |
| Fáddágilkorat: |
Lasit fáddágilkoriid
Eai fáddágilkorat, Lasit vuosttaš fáddágilkora!
|
MARC
| LEADER | 00000cam a2200000 a 4500 | ||
|---|---|---|---|
| 001 | UCC4448 | ||
| 003 | CL-VaPUC | ||
| 008 | 180803e19900000ag |||||||||||||||||spa|d | ||
| 020 | |a 9501405389 | ||
| 082 | 0 | 4 | |a 345.06 |b BER |2 21 |
| 100 | 0 | |a Bertolino, Pedro J |e author |9 598726 | |
| 245 | 1 | 3 | |a La verdad jurídica objetiva |
| 250 | |a 1a. ed | ||
| 300 | |a 130 p | ||
| 942 | |c BK | ||
| 945 | |d 20180803 12:44:00 |a dcastane | ||
| 260 | |a Buenos Aires |b Ediciones Depalma |c 1990 | ||
| 650 | 7 | |a DERECHO PENAL |2 CL-VaPUC |9 11 | |
| 650 | 0 | |a Pruebas |9 256249 | |
| 650 | 0 | |a Verdad |9 313815 | |
| 583 | |a last modification |c 20180803 12:44:00 |k Rodrigo Vera | ||
| 999 | |c 372000 |d 371998 | ||
| 952 | |0 0 |1 0 |3 erb |4 0 |6 345_060000000000000_BER_1990 |7 0 |8 A |9 489220 |a BIBDER |b BIBDER |e Mateluna Arestizabal, Alfredo Sergio |i 5484766 |o 345.06 BER 1990 |p 5484766 |r 2019-11-24 |w 2019-11-24 |y BK |z Catalogado en:20180803 |k DER | ||